00712nam a2200157Ia 4500008004100000020001800041082002400059100003600083245018000119250001100299260002400310300002200334650008000356952010100436999001700537120622s9999 xx 000 0 und d a970-07-3806-X a332.10972 F952a v.2 aFuente Rodríguez, Jesus de la aAnálisis y jurisprudencia de la ley de instituciones de crédito : exposición de motivos, disposiciones de la SHCP, BANXICO, CNBV, ABM / Jesús de la Fuente Rodríguez a2a. ed aMéxico : Porrúa axii, 577 - 1290 p a1. DERECHO BANCARIO - MÉXICO \ 2. INSTITUCIONES FINANCIERAS - MEXICOÌ 00104070a01b01d2008-07-22l0o332.10972 F952A V.2p01 011272r2012-06-24t1w2012-06-24yLB c60543d60543